00982nam a2200265 a 4500001001000000003000500010005001700015008004100032010001100073011001100084040000900095100003100104245016000135260004100295500006000336502007700396650002300473650001600496650001500512650003400527650002800561650003200589650002500621856007000646000108759CHAP20220329144024.0140310s2013 mx sm |||||||spa d a105221 a106193 cCHAP1 aEstrada Tellez, Sandra Luz10aGerminación in vitro de semillas y desarrollo de plántulas de Epidendrum ibaguense y Oncidium sphacelatumh[En línea]cpor Sandra Luz Estrada Tellez. aChapingo, Méx. :bEl autor,c2013. aPara ver el contenido del material haga clic en la liga aTesis (Ing. Agr. Esp. en Fitotecnia) -- UACH. Departamento de Fitotecnia14aCarbón activado.14aEpidendrum.14aMicorriza.14aOrquidáceasxGerminación.14aOrquidáceasxSemilla.14aPlántulasxGerminación.14aSistemas de cultivo. aFinding aiduhttp://10.13.5.2/tesis/sist108759.pdfzTeclea aquí